कोई दीवाना कहता है: (Record no. 37925)
[ view plain ]
| 000 -LEADER | |
|---|---|
| fixed length control field | 01157nam a22002417a 4500 |
| 005 - DATE AND TIME OF LATEST TRANSACTION | |
| control field | 20100727140848.0 |
| 010 ## - LCCN (DPL NO) | |
| LC control number | HIN-89846 |
| 020 ## - INTERNATIONAL STANDARD BOOK NUMBER | |
| International Standard Book Number | 9788128824449 |
| Terms of availability | 250.00 |
| 035 ## - SYSTEM CONTROL NUMBER | |
| System control number | HN-62192 |
| 037 ## - SOURCE OF ACQUISITION | |
| Source of stock number/acquisition | DBAD / PUB |
| 082 ## - DEWEY DECIMAL CLASSIFICATION NUMBER | |
| Classification number | 821 |
| 100 ## - MAIN ENTRY--PERSONAL NAME | |
| Personal name | कुमार विश्वास |
| 245 ## - TITLE STATEMENT | |
| Title | कोई दीवाना कहता है: |
| Remainder of title | काव्य संग्रह / |
| Statement of responsibility, etc | कुमार विश्वास |
| 246 ## - VARYING FORM OF TITLE | |
| Title proper/short title | Koi diwana kahta hai |
| Remainder of title | by Kumar Vishwas |
| 250 ## - EDITION STATEMENT | |
| Edition statement | 2रा संस्क. |
| 260 ## - PUBLICATION, DISTRIBUTION, ETC. (IMPRINT) | |
| Place of publication, distribution, etc | नई दिल्ली |
| Name of publisher, distributor, etc | फ्यूजन बुक्स |
| Date of publication, distribution, etc | 2010 |
| 270 ## - ADDRESS | |
| Address | X-30, ओखला इंडस्ट्रियल एरिया फेस-II |
| City | नई दिल्ली |
| Postal code | 110020 |
| Telephone number | 011-40712100 |
| Fax number | 011-41611866 |
| Electronic mail address | sales@dbp.in |
| 300 ## - PHYSICAL DESCRIPTION | |
| Extent | 108पृ. |
| Other physical details | सचित्र |
| Dimensions | 20सेमी (सजिल्द) |
| 650 ## - SUBJECT ADDED ENTRY--TOPICAL TERM | |
| Topical term following geographic name as entry element | हिन्दी कविता |
| 650 ## - SUBJECT ADDED ENTRY--TOPICAL TERM | |
| Topical term following geographic name as entry element | Hindi Poetry |
| 942 ## - ADDED ENTRY ELEMENTS (KOHA) | |
| Source of classification or shelving scheme | Dewey Decimal Classification |
| Item type | Hindi Books |
| Classification part | 821 |
| Call number suffix | कुमार |
| Withdrawn status | Lost status | Not for loan | Collection code | Home library | Current library | Date acquired | Source of acquisition | Cost, normal purchase price | Full call number | Barcode | Copy number | Cost, replacement price | Koha item type |
|---|---|---|---|---|---|---|---|---|---|---|---|---|---|
| Not For Loan | Non-fiction | D.B.Act.Division | D.B.Act.Division | 27/07/2010 | DBAD / PUB | 250.00 | 821 कुमार | HN-62192 | 1 | 250.00 | Hindi Books |
